[Event "DEN-ch Kort 1-1"]
[Site "Svendborg"]
[Date "2018.03.26"]
[Round "5"]
[White "Jansen, Niels Peter Mangor"]
[Black "Jorgensen, Ole Eik"]
[Result "1/2-1/2"]
[WhiteElo "1741"]
[BlackElo "1909"]
[PlyCount "41"]
[EventDate "2018.03.24"]
[EventType "swiss"]
[EventRounds "5"]
[EventCountry "DEN"]
[SourceTitle "EXT 2019"]
[Source "ChessBase"]
[SourceDate "2018.10.10"]
[SourceVersion "1"]
[SourceVersionDate "2018.10.10"]
[SourceQuality "1"]

1. e4 g6 2. Nf3 Bg7 3. d4 d6 4. h3 Nf6 5. Nc3 0-0 6. Bd3 c6 7. 0-0 Nbd7 8. Bf4 Re8 9. e5 dxe5 10. dxe5 Nd5 11. Nxd5 cxd5 12. c3 Nc5 13. Bc2 Ne6 14. Bh2 b5 15. Re1 Bb7 16. Nd4 Qb6 17. Nxe6 Qxe6 18. Qd4 Qc6 19. Bb3 a6 20. Rad1 e6 21. a3 1/2-1/2